[Event "84th ESP-ch 2019"]
[Site "Marbella"]
[Date "2019.11.20"]
[Round "5.28"]
[White "Garcia De Blas, Esteban"]
[Black "Hernando Rodrigo, Julio Antonio"]
[Result "0-1"]
[WhiteElo "2031"]
[BlackElo "2271"]
[Annotator "TA"]
[PlyCount "147"]
[EventDate "2019.11.16"]
[EventType "swiss"]
[EventCountry "ESP"]
[SourceTitle "playchess.com"]
[Source "ChessBase"]
[SourceQuality "1"]

{[%evp 23,147,-12,-16,-25,-30,-31,33,38,32,-7,7,14,0,-19,-12,-20,-15,-30,-18,-37,0,-35,-29,-24,13,0,0,-29,0,0,0,-19,-23,-40,-37,-35,0,0,-7,0,0,0,0,0,0,-16,-6,-16,-12,-31,0,0,0,-40,-22,-32,0,0,0,0,0,0,0,0,6,0,0,0,33,33,42,30,30,29,134,94,102,106,129,87,133,126,100,86,217,40,47,27,44,37,37,33,48,49,60,0,0,0,0,-7,-8,-7,0,0,0,-533,-498,-281,-160,-168,-168,-922,-860,-797,-303,-29970,-12594,-5957,-6158,-5069,-4133,-29980,-29981,-29981,-29981,-12327]} 1. d4 Nf6 2. c4 g6 3. Nc3 Bg7 4. e4 d6 5. h3 O-O 6. Nf3 e5 7. dxe5 dxe5 8. Qxd8 Rxd8 9. Bg5 c6 10. Be2 Na6 11. O-O Nc5 12. Rfd1 Re8 13. Bd3 {E92: King's Indian: Classical: 6 Be2 e5: 7 dxe5, 7 Be3 and Petrosian System without 7...Nbd7} (13. Bxf6 Bxf6 14. Rac1 Ne6 15. Bd3 h5 16. b3 Kg7 17. Kf1 Bd7 18. Ne2 Rad8 19. Bc2 Ng5 20. Nxg5 Bxg5 21. Rb1 Be6 22. Rxd8 Rxd8 {0-1 (40) Vonthron,H (2377)-Milov,V (2615) Baden 2016}) 13... Nh5 14. Be3 b6 $146 (14... Nxd3 $15 15. Rxd3 Nf4 16. Bxf4 exf4) ({Predecessor:} 14... Ne6 15. Bc2 f6 16. b4 Bf8 17. c5 Nhf4 18. Bb3 Kg7 19. a3 g5 20. Ra2 Ng6 {0-1 (42) Netusil,M (2295)-Obsivac,J (2335) Czechia 1995}) 15. Bxc5 $14 {White is slightly better.} bxc5 16. Bf1 Bf8 17. g3 Ng7 18. Rd2 f6 19. Na4 Ne6 20. Kg2 Be7 21. b3 Kf7 22. Kh2 Nd4 23. Ne1 Bb7 24. Bg2 Rad8 25. Rad1 Bc8 26. Nd3 Ne6 27. Ne1 Rd4 28. Nc2 Rxd2 29. Rxd2 Bd8 30. Ne1 Ba5 31. Rd1 Bxe1 32. Rxe1 Rd8 33. Re2 Ke7 34. Rb2 Rd4 35. h4 Kd6 36. Re2 g5 37. hxg5 fxg5 38. Nc3 g4 39. Re1 Ng5 40. Kg1 Be6 41. Kf1 Bf7 42. Ke2 Bg6 {[%cal Rg5e4]} 43. Ke3 Kc7 44. Rh1 a5 45. Rf1 a4 46. Nxa4 Nxe4 47. Bxe4 Rxe4+ {[%mdl 4096] Endgame KRB-KRN} 48. Kd2 Kd6 (48... Rd4+ $11 {remains equal.} 49. Kc1 Rd3) 49. Re1 Rd4+ 50. Kc1 Be4 51. Rd1 h5 52. Nc3 $1 Bf3 53. Rd2 e4 (53... Kc7 $16) 54. a4 $2 (54. Nd1 $1 $18) 54... h4 55. gxh4 {Strongly threatening Nd1.} g3 $1 {[%cal Rg3g2]} 56. fxg3 {Nd1 is the strong threat.} e3 57. Rh2 {aiming for h5.} Bh5 $1 58. a5 Kc7 $1 59. Rh1 (59. Kc2 $14) 59... Rd3 $1 $11 {[%cal Rd3c3]} 60. Kc2 Rd2+ 61. Kc1 Bg6 {White must now prevent ...Rc2+.} 62. h5 Rc2+ 63. Kd1 Bd3 64. h6 $2 {[%mdl 8192]} (64. Re1 $11 {and White has nothing to worry.} Rd2+ 65. Kc1 Rc2+ {[%mdl 64] Double Attack} 66. Kd1 Rd2+ 67. Kc1 Rc2+ {[%mdl 64] Double Attack} 68. Kd1) 64... Rxc3 $19 {KRB-KR} 65. Re1 e2+ ({Weaker is} 65... Rxb3 66. Rxe3 Rb1+ 67. Kd2 $14) (65... Bf5 $19 66. Ke2 Bg4+ 67. Kf1 Rxb3) 66. Kd2 $17 Rxb3 67. g4 $2 (67. Rh1) 67... Bxc4 $19 68. g5 Rd3+ $2 (68... Rh3 69. Rc1 Ba6) 69. Kc2 $2 {[#]} (69. Kxe2 $19 Rd5+ 70. Ke3 Rxg5 71. Rh1 Rg3+ 72. Kf4) 69... Rh3 (69... Rd1 $142 $1 70. h7 (70. Rxd1 Bb3+) 70... Rxe1 71. h8=Q {[#]} Rc1+ $1 {[%mdl 576] Decoy, Clearance, Promotion} 72. Kxc1 e1=Q+ {[%mdl 64] Double Attack} 73. Kc2 Qe2+ 74. Kc1 Qe3+ 75. Kb1 Bd3+ 76. Ka2 Bc4+ 77. Kb1 Bd3+ 78. Ka2 Bc4+ 79. Kb1) 70. Kd2 Kb7 71. Rg1 Ka6 72. Ra1 Rd3+ 73. Ke1 Rg3 74. Kd2 {Accuracy: White = 40%, Black = 57%.} 0-1

[Event "84th ESP-ch 2019"]
[Site "Marbella"]
[Date "2019.11.20"]
[Round "5.29"]
[White "Jimenez Ruano, Adrian"]
[Black "Lopez Guerrero, Jose Miguel"]
[Result "1-0"]
[WhiteElo "2269"]
[BlackElo "2085"]
[Annotator "ChessBase"]
[PlyCount "85"]
[EventDate "2019.11.16"]
[EventType "swiss"]
[EventCountry "ESP"]
[SourceTitle "playchess.com"]
[Source "ChessBase"]
[SourceQuality "1"]
[TimeControl "5400+30"]

1. Nf3 {[%emt 0:00:00]} Nf6 {[%emt 0:00:00]} 2. c4 {[%emt 0:00:00]} e6 {[%emt 0:00:08]} 3. Nc3 {[%emt 0:00:09]} Bb4 {[%emt 0:01:38]} 4. Qc2 {[%emt 0:00:40]} O-O {[%emt 0:00:27]} 5. e3 {[%emt 0:00:07]} d5 {[%emt 0:00:50]} 6. cxd5 {[%emt 0:02:41]} exd5 {[%emt 0:00:12]} 7. Be2 {[%emt 0:02:50]} c5 {[%emt 0:01:00]} 8. d4 {[%emt 0:00:59]} cxd4 {[%emt 0:04:02]} 9. Nxd4 {[%emt 0:00:18]} Nc6 {[%emt 0:00:55]} 10. Nxc6 {[%emt 0:02:36]} bxc6 {[%emt 0:00:09]} 11. O-O {[%emt 0:00:13]} Bd7 {[%emt 0:01:46]} 12. Bd2 {[%emt 0:04:21]} Qe7 {[%emt 0:00:10]} 13. Bf3 {[%emt 0:06:55]} Rab8 {[%emt 0:08:32]} 14. Rfe1 {[%emt 0:02:43]} Qe5 {[%emt 0:01:19]} 15. g3 {[%emt 0:09:00]} h5 {[%emt 0:00:30]} 16. a3 {[%emt 0:02:51]} Bd6 {[%emt 0:04:16]} 17. b4 {[%emt 0:10:17]} h4 {[%emt 0:00:58]} 18. e4 {[%emt 0:01:53]} d4 {[%emt 0:00:36]} 19. Bf4 {[%emt 0:01:37]} Qe6 {[%emt 0:04:25]} 20. e5 {[%emt 0:13:08]} dxc3 {[%emt 0:00:46]} 21. exd6 {[%emt 0:00:08]} Qc4 {[%emt 0:04:02]} 22. Be5 {[%emt 0:04:51]} Nd5 {[%emt 0:04:30]} 23. Be2 {[%emt 0:01:02]} Ne3 {[%emt 0:01:38]} 24. fxe3 {[%emt 0:00:57]} Qd5 {[%emt 0:00:17]} 25. Qxc3 {[%emt 0:01:56]} Rfe8 {[%emt 0:00:51]} 26. Bf4 {[%emt 0:06:14]} hxg3 {[%emt 0:02:44]} 27. Bxg3 {[%emt 0:01:36]} a5 {[%emt 0:03:29]} 28. Bc4 {[%emt 0:03:27]} Qg5 {[%emt 0:00:51]} 29. Qd4 {[%emt 0:01:51]} axb4 {[%emt 0:00:27]} 30. axb4 {[%emt 0:00:01]} Rbd8 {[%emt 0:01:36]} 31. Qh4 {[%emt 0:06:08]} Qg6 {[%emt 0:00:18]} 32. Rf1 {[%emt 0:01:23]} Be6 {[%emt 0:02:27]} 33. Bxe6 {[%emt 0:00:07]} Qxe6 {[%emt 0:00:07]} 34. Qf4 {[%emt 0:00:24]} Rd7 {[%emt 0:02:12]} 35. Rf2 {[%emt 0:00:05]} Qg6 {[%emt 0:00:13]} 36. Qf5 {[%emt 0:00:27]} Rxd6 {[%emt 0:00:07]} 37. Qxf7+ {[%emt 0:05:07]} Qxf7 {[%emt 0:00:43]} 38. Rxf7 {[%emt 0:00:01]} Rd3 {[%emt 0:02:38]} 39. Raa7 {[%emt 0:00:24]} Rexe3 {[%emt 0:01:10]} 40. Rxg7+ {[%emt 0:00:05]} Kh8 {[%emt 0:01:15]} 41. Rgc7 {[%emt 0:02:02]} Rd1+ {[%emt 0:01:50]} 42. Kf2 {[%emt 0:01:31]} Re8 {[%emt 0:00:06]} 43. Be5+ {[%emt 0:00:26]} 1-0

[Event "84th ESP-ch 2019"]
[Site "Marbella"]
[Date "2019.11.20"]
[Round "5.30"]
[White "Silva Lucena, Cristian"]
[Black "Antonano Fedz-Quincoces, Avelino"]
[Result "0-1"]
[WhiteElo "2244"]
[BlackElo "2021"]
[Annotator "ChessBase"]
[PlyCount "94"]
[EventDate "2019.11.16"]
[EventType "swiss"]
[EventCountry "ESP"]
[SourceTitle "playchess.com"]
[Source "ChessBase"]
[SourceQuality "1"]
[TimeControl "5400+30"]

1. Nf3 {[%emt 0:00:00]} c5 {[%emt 0:00:00]} 2. c4 {[%emt 0:00:00]} Nc6 {[%emt 0:00:10]} 3. b3 {[%emt 0:00:00]} e5 {[%emt 0:01:58]} 4. Bb2 {[%emt 0:00:00]} d6 {[%emt 0:00:08]} 5. g3 {[%emt 0:00:26]} g6 {[%emt 0:01:03]} 6. Bg2 {[%emt 0:00:10]} Bg7 {[%emt 0:00:12]} 7. O-O {[%emt 0:00:08]} Nge7 {[%emt 0:00:08]} 8. e3 {[%emt 0:00:56]} O-O {[%emt 0:00:19]} 9. Nc3 {[%emt 0:01:36]} Bg4 {[%emt 0:05:55]} 10. h3 {[%emt 0:01:40]} Bd7 {[%emt 0:00:12]} 11. d3 {[%emt 0:02:23]} f5 {[%emt 0:03:05]} 12. Nd2 {[%emt 0:01:03]} Nb4 {[%emt 0:03:46]} 13. Qe2 {[%emt 0:01:04]} Bc6 {[%emt 0:00:59]} 14. Nf3 {[%emt 0:00:29]} a5 {[%emt 0:08:02]} 15. a3 {[%emt 0:06:54]} Na6 {[%emt 0:04:12]} 16. d4 {[%emt 0:02:57]} Bxf3 {[%emt 0:20:26]} 17. Qxf3 {[%emt 0:04:47]} e4 {[%emt 0:00:18]} 18. Qd1 {[%emt 0:00:25]} Nc6 {[%emt 0:02:45]} 19. d5 {[%emt 0:02:46]} Ne5 {[%emt 0:00:57]} 20. Qc2 {[%emt 0:00:28]} Nd3 21. Rfd1 {[%emt 0:00:59]} Nab4 {[%emt 0:05:48]} 22. Qb1 {[%emt 0:07:39]} Qf6 {[%emt 0:02:42]} 23. axb4 {[%emt 0:05:25]} Nxb2 {[%emt 0:00:51]} 24. Qxb2 {[%emt 0:00:15]} axb4 {[%emt 0:02:54]} 25. Na4 {[%emt 0:01:54]} Qxb2 {[%emt 0:00:18]} 26. Nxb2 {[%emt 0:00:01]} Bxb2 {[%emt 0:00:16]} 27. Rxa8 {[%emt 0:01:03]} Rxa8 {[%emt 0:00:11]} 28. Rb1 {[%emt 0:00:03]} Be5 {[%emt 0:07:16]} 29. Bf1 {[%emt 0:00:30]} Kf7 {[%emt 0:00:55]} 30. Be2 {[%emt 0:00:19]} Ra2 {[%emt 0:00:26]} 31. Kf1 {[%emt 0:00:05]} Kf6 {[%emt 0:00:24]} 32. h4 {[%emt 0:00:08]} h6 {[%emt 0:00:44]} 33. Bd1 {[%emt 0:00:04]} Rd2 {[%emt 0:03:21]} 34. Be2 {[%emt 0:00:39]} Bc3 {[%emt 0:02:04]} 35. Bd1 {[%emt 0:00:26]} Ke5 {[%emt 0:00:33]} 36. Be2 {[%emt 0:00:01]} g5 {[%emt 0:00:33]} 37. hxg5 {[%emt 0:01:35]} hxg5 {[%emt 0:00:10]} 38. Bh5 {[%emt 0:00:04]} f4 {[%emt 0:02:47]} 39. g4 {[%emt 0:01:06]} fxe3 {[%emt 0:01:31]} 40. fxe3 {[%emt 0:00:02]} Rh2 {[%emt 0:01:05]} 41. Kg1 {[%emt 0:00:01]} Re2 {[%emt 0:02:44]} 42. Rf1 {[%emt 0:00:01]} Rxe3 {[%emt 0:00:29]} 43. Rf5+ {[%emt 0:00:01]} Kd4 {[%emt 0:00:25]} 44. Rxg5 {[%emt 0:00:02]} Kd3 {[%emt 0:01:16]} 45. Rf5 {[%emt 0:01:03]} Bd4 {[%emt 0:01:10]} 46. Kf1 {[%emt 0:00:40]} Rf3+ {[%emt 0:01:07]} 47. Kg2 {[%emt 0:00:54]} Kc3 {[%emt 0:02:27]} 0-1

[Event "84th ESP-ch 2019"]
[Site "Marbella"]
[Date "2019.11.20"]
[Round "5.31"]
[White "Rey Malde, Henrique"]
[Black "Ruiz Bellon, Manuel"]
[Result "1-0"]
[WhiteElo "2209"]
[BlackElo "1994"]
[Annotator "ChessBase"]
[PlyCount "41"]
[EventDate "2019.11.16"]
[EventType "swiss"]
[EventCountry "ESP"]
[SourceTitle "playchess.com"]
[Source "ChessBase"]
[SourceQuality "1"]
[TimeControl "5400+30"]

1. e4 {[%emt 0:00:00]} Nf6 {[%emt 0:00:00]} 2. e5 {[%emt 0:00:00]} Nd5 {[%emt 0:00:00]} 3. c4 {[%emt 0:00:00]} Nb6 {[%emt 0:00:02]} 4. d4 {[%emt 0:00:00]} d6 {[%emt 0:00:06]} 5. exd6 {[%emt 0:00:00]} cxd6 {[%emt 0:00:08]} 6. Nc3 {[%emt 0:00:10]} g6 {[%emt 0:00:09]} 7. Be3 {[%emt 0:00:14]} Bg7 {[%emt 0:00:08]} 8. Rc1 {[%emt 0:00:06]} Nc6 {[%emt 0:00:21]} 9. b3 {[%emt 0:03:22]} O-O {[%emt 0:00:38]} 10. d5 {[%emt 0:00:26]} Ne5 {[%emt 0:03:31]} 11. Be2 {[%emt 0:00:09]} a5 {[%emt 0:10:22]} 12. f4 {[%emt 0:06:23]} Ned7 {[%emt 0:00:27]} 13. Nf3 {[%emt 0:00:06]} Nc5 {[%emt 0:02:42]} 14. Nd4 {[%emt 0:02:15]} e5 {[%emt 0:24:36]} 15. dxe6 {[%emt 0:06:42]} Bxe6 {[%emt 0:07:37]} 16. O-O {[%emt 0:02:54]} Qe7 {[%emt 0:03:00]} 17. Bf2 {[%emt 0:07:16]} d5 {[%emt 0:00:56]} 18. cxd5 {[%emt 0:22:08]} Nxd5 {[%emt 0:08:25]} 19. Nf5 {[%emt 0:05:20]} Qd7 {[%emt 0:08:12]} 20. Nxd5 {[%emt 0:07:06]} gxf5 {[%emt 0:02:40]} 21. Rxc5 1-0

[Event "84th ESP-ch 2019"]
[Site "Marbella"]
[Date "2019.11.20"]
[Round "5.32"]
[White "Martinez Piqueras, Carlos"]
[Black "Perez Guerra, Alberto"]
[Result "0-1"]
[WhiteElo "2206"]
[BlackElo "1988"]
[Annotator "ChessBase"]
[PlyCount "102"]
[EventDate "2019.11.16"]
[EventType "swiss"]
[EventCountry "ESP"]
[SourceTitle "playchess.com"]
[Source "ChessBase"]
[SourceQuality "1"]
[TimeControl "5400+30"]

1. e4 {[%emt 0:00:00]} e5 {[%emt 0:00:00]} 2. Nf3 {[%emt 0:00:00]} Nc6 {[%emt 0:00:00]} 3. d4 {[%emt 0:00:46]} exd4 {[%emt 0:00:00]} 4. Nxd4 {[%emt 0:00:06]} Bc5 {[%emt 0:00:00]} 5. Nb3 {[%emt 0:01:53]} Bb6 {[%emt 0:00:00]} 6. Nc3 {[%emt 0:00:07]} Nf6 {[%emt 0:00:30]} 7. Qe2 {[%emt 0:00:08]} O-O {[%emt 0:00:08]} 8. Be3 {[%emt 0:00:41]} d5 {[%emt 0:00:41]} 9. O-O-O {[%emt 0:03:43]} d4 {[%emt 0:00:07]} 10. Bg5 {[%emt 0:00:11]} Qd6 {[%emt 0:00:54]} 11. Kb1 {[%emt 0:08:21]} Ng4 {[%emt 0:06:14]} 12. Nd5 {[%emt 0:08:33]} Be6 {[%emt 0:02:57]} 13. h3 {[%emt 0:20:08]} Nge5 {[%emt 0:02:36]} 14. f4 {[%emt 0:00:29]} d3 {[%emt 0:04:23]} 15. cxd3 {[%emt 0:02:20]} Nd7 {[%emt 0:00:02]} 16. d4 {[%emt 0:19:21]} Bxd5 {[%emt 0:00:26]} 17. exd5 {[%emt 0:00:05]} Rfe8 {[%emt 0:00:21]} 18. Qf3 {[%emt 0:12:28]} Nb4 {[%emt 0:00:10]} 19. Bc4 {[%emt 0:00:06]} a5 {[%emt 0:10:46]} 20. Nc1 {[%emt 0:02:18]} Nf6 {[%emt 0:01:14]} 21. Bxf6 {[%emt 0:08:43]} Qxf6 {[%emt 0:00:01]} 22. a3 {[%emt 0:00:17]} Qf5+ {[%emt 0:02:05]} 23. Nd3 {[%emt 0:00:32]} Nxd3 {[%emt 0:00:58]} 24. Bxd3 {[%emt 0:05:10]} Qf6 {[%emt 0:00:01]} 25. g4 {[%emt 0:00:09]} Bxd4 {[%emt 0:01:34]} 26. g5 {[%emt 0:01:46]} Qb6 {[%emt 0:00:01]} 27. Rh2 {[%emt 0:03:07]} Re3 {[%emt 0:01:11]} 28. Qg2 {[%emt 0:00:19]} Bc5 {[%emt 0:13:49]} 29. Qc2 {[%emt 0:00:48]} Bxa3 {[%emt 0:03:08]} 30. Bxh7+ Kh8 31. Bd3 {[%emt 0:01:39]} Bd6 {[%emt 0:00:02]} 32. Qf2 {[%emt 0:00:34]} Kg8 {[%emt 0:02:35]} 33. g6 {[%emt 0:00:27]} Qd4 {[%emt 0:08:47]} 34. gxf7+ Kf8 35. Bc2 {[%emt 0:01:11]} Qxf4 {[%emt 0:01:27]} 36. Qxf4 {[%emt 0:00:01]} Bxf4 {[%emt 0:00:20]} 37. Rf2 {[%emt 0:00:16]} Be5 {[%emt 0:02:57]} 38. Bg6 {[%emt 0:01:07]} Ra6 {[%emt 0:03:05]} 39. Bf5 {[%emt 0:00:58]} Rf6 {[%emt 0:00:38]} 40. Rdf1 {[%emt 0:00:13]} Kxf7 {[%emt 0:00:48]} 41. Be6+ {[%emt 0:00:04]} Ke7 {[%emt 0:00:35]} 42. Rxf6 {[%emt 0:00:04]} Bxf6 {[%emt 0:00:14]} 43. Rc1 {[%emt 0:00:13]} Kd6 {[%emt 0:00:49]} 44. Bc8 {[%emt 0:00:14]} Rb3 {[%emt 0:00:23]} 45. Rc2 {[%emt 0:01:09]} Kxd5 {[%emt 0:02:17]} 46. Rxc7 {[%emt 0:00:07]} Rxb2+ {[%emt 0:00:17]} 47. Kc1 {[%emt 0:00:02]} b5 {[%emt 0:01:44]} 48. Bb7+ {[%emt 0:00:09]} Ke5 {[%emt 0:01:51]} 49. Ba6 {[%emt 0:02:41]} Kd6 {[%emt 0:00:57]} 50. Rf7 {[%emt 0:00:43]} Rf2 {[%emt 0:03:37]} 51. Kb1 {[%emt 0:00:28]} a4 {[%emt 0:00:30]} 0-1

[Event "84th ESP-ch 2019"]
[Site "Marbella"]
[Date "2019.11.20"]
[Round "5.33"]
[White "Perera Borrego, Maria Adela"]
[Black "Viciano Barrachina, Aitor"]
[Result "1-0"]
[WhiteElo "2201"]
[BlackElo "1954"]
[Annotator "ChessBase"]
[PlyCount "63"]
[EventDate "2019.11.16"]
[EventType "swiss"]
[EventCountry "ESP"]
[SourceTitle "playchess.com"]
[Source "ChessBase"]
[SourceQuality "1"]
[TimeControl "5400+30"]

1. d4 {[%emt 0:00:00]} f5 {[%emt 0:01:05]} 2. c4 {[%emt 0:00:00]} Nf6 {[%emt 0:00:37]} 3. Nc3 {[%emt 0:00:00]} d6 {[%emt 0:00:57]} 4. Nf3 {[%emt 0:00:00]} g6 {[%emt 0:00:16]} 5. g3 {[%emt 0:00:28]} Bg7 {[%emt 0:00:22]} 6. Bg2 {[%emt 0:00:13]} O-O {[%emt 0:00:25]} 7. O-O {[%emt 0:00:41]} Qe8 {[%emt 0:01:16]} 8. b3 {[%emt 0:04:08]} e5 {[%emt 0:05:07]} 9. dxe5 {[%emt 0:06:02]} dxe5 {[%emt 0:03:19]} 10. e4 c6 {[%emt 0:18:50]} 11. Re1 {[%emt 0:11:35]} Nfd7 {[%emt 0:09:14]} 12. Ba3 {[%emt 0:01:30]} Rf6 {[%emt 0:01:23]} 13. Qd2 {[%emt 0:06:46]} Na6 {[%emt 0:09:31]} 14. Rad1 {[%emt 0:00:51]} f4 {[%emt 0:04:22]} 15. Qc2 {[%emt 0:25:51]} h6 {[%emt 0:07:58]} 16. gxf4 {[%emt 0:02:07]} Rxf4 {[%emt 0:00:56]} 17. Ne2 {[%emt 0:00:28]} Rf6 {[%emt 0:02:55]} 18. Ng3 {[%emt 0:03:02]} c5 {[%emt 0:06:09]} 19. Nf1 {[%emt 0:08:08]} Qf7 {[%emt 0:03:50]} 20. Qe2 {[%emt 0:02:36]} Nc7 {[%emt 0:03:08]} 21. Ne3 {[%emt 0:01:23]} Rf4 {[%emt 0:05:42]} 22. Nd5 {[%emt 0:02:25]} Nxd5 {[%emt 0:00:03]} 23. Rxd5 {[%emt 0:00:25]} g5 {[%emt 0:02:30]} 24. Bb2 {[%emt 0:02:19]} b6 {[%emt 0:02:16]} 25. Red1 {[%emt 0:02:43]} Kh7 {[%emt 0:00:15]} 26. Bc1 {[%emt 0:07:29]} Rf6 {[%emt 0:02:39]} 27. Rxd7 {[%emt 0:02:38]} Bxd7 {[%emt 0:05:16]} 28. Nxe5 {[%emt 0:00:14]} Qe7 {[%emt 0:00:31]} 29. Nxd7 {[%emt 0:00:43]} Rd6 {[%emt 0:00:31]} 30. Rxd6 {[%emt 0:01:03]} Qxd6 {[%emt 0:00:01]} 31. e5 {[%emt 0:00:27]} Re8 {[%emt 0:02:01]} 32. Be4+ {[%emt 0:00:16]} 1-0

[Event "84th ESP-ch 2019"]
[Site "Marbella"]
[Date "2019.11.20"]
[Round "5.34"]
[White "Munoz Suarez, Luis Alberto"]
[Black "Rodriguez Redondo, Adhara"]
[Result "0-1"]
[WhiteElo "1944"]
[BlackElo "2199"]
[Annotator "ChessBase"]
[PlyCount "52"]
[EventDate "2019.11.16"]
[EventType "swiss"]
[EventCountry "ESP"]
[SourceTitle "playchess.com"]
[Source "ChessBase"]
[SourceQuality "1"]
[TimeControl "5400+30"]

1. e4 {[%emt 0:02:03]} e5 {[%emt 0:00:00]} 2. f4 {[%emt 0:00:07]} d5 {[%emt 0:00:00]} 3. Nf3 {[%emt 0:00:21]} exf4 {[%emt 0:05:57]} 4. e5 {[%emt 0:00:20]} Be7 {[%emt 0:04:38]} 5. d4 {[%emt 0:16:21]} Bh4+ {[%emt 0:10:59]} 6. Ke2 Bg4 {[%emt 0:07:39]} 7. Bxf4 {[%emt 0:05:08]} Qd7 {[%emt 0:03:12]} 8. Qd3 {[%emt 0:07:00]} Nc6 {[%emt 0:06:24]} 9. c3 {[%emt 0:07:05]} O-O-O {[%emt 0:05:58]} 10. Kd2 {[%emt 0:05:20]} Be7 {[%emt 0:07:45]} 11. h3 {[%emt 0:10:34]} Bf5 {[%emt 0:03:39]} 12. Qe3 {[%emt 0:03:49]} f6 {[%emt 0:03:09]} 13. Bb5 {[%emt 0:04:06]} Be4 {[%emt 0:06:47]} 14. a4 {[%emt 0:05:49]} Qe6 {[%emt 0:06:21]} 15. Na3 {[%emt 0:07:47]} Na5 {[%emt 0:03:41]} 16. Rae1 {[%emt 0:01:52]} Nb3+ {[%emt 0:02:20]} 17. Ke2 {[%emt 0:02:44]} g5 {[%emt 0:04:19]} 18. Bh2 {[%emt 0:03:27]} Nh6 {[%emt 0:09:14]} 19. Bd3 {[%emt 0:07:21]} f5 {[%emt 0:01:35]} 20. Nd2 {[%emt 0:04:31]} Nxd2 {[%emt 0:01:19]} 21. Kxd2 {[%emt 0:02:02]} Bxg2 {[%emt 0:00:52]} 22. Rhg1 {[%emt 0:00:11]} f4 {[%emt 0:01:02]} 23. Qf2 {[%emt 0:00:54]} Bxh3 {[%emt 0:00:15]} 24. b4 {[%emt 0:00:34]} Bf5 {[%emt 0:01:02]} 25. Nc2 {[%emt 0:00:44]} Bxd3 {[%emt 0:01:09]} 26. Kxd3 {[%emt 0:00:07]} Qh3+ {[%emt 0:00:52]} 0-1

[Event "84th ESP-ch 2019"]
[Site "Marbella"]
[Date "2019.11.20"]
[Round "5.35"]
[White "Castellanos Bogalo, Antonio"]
[Black "Garcia Vicente, Nieves"]
[Result "0-1"]
[WhiteElo "1915"]
[BlackElo "2175"]
[Annotator "ChessBase"]
[PlyCount "82"]
[EventDate "2019.11.16"]
[EventType "swiss"]
[EventCountry "ESP"]
[SourceTitle "playchess.com"]
[Source "ChessBase"]
[SourceQuality "1"]
[TimeControl "5400+30"]

1. e4 {[%emt 0:00:55]} e5 {[%emt 0:00:00]} 2. Nf3 {[%emt 0:01:05]} Nc6 {[%emt 0:00:00]} 3. Nc3 {[%emt 0:00:45]} Nf6 {[%emt 0:00:29]} 4. d4 {[%emt 0:00:11]} exd4 {[%emt 0:00:41]} 5. Nd5 {[%emt 0:00:07]} Be7 {[%emt 0:00:52]} 6. Bc4 {[%emt 0:04:27]} O-O {[%emt 0:00:52]} 7. O-O {[%emt 0:00:15]} d6 {[%emt 0:01:38]} 8. Nxd4 {[%emt 0:00:31]} Nxd4 {[%emt 0:01:51]} 9. Qxd4 {[%emt 0:00:20]} Nxd5 {[%emt 0:00:13]} 10. Bxd5 {[%emt 0:00:33]} Bf6 {[%emt 0:00:20]} 11. Qd3 {[%emt 0:00:28]} a5 {[%emt 0:03:23]} 12. a4 {[%emt 0:03:37]} c6 {[%emt 0:03:59]} 13. Bc4 {[%emt 0:05:02]} Be6 {[%emt 0:07:01]} 14. Rd1 Re8 {[%emt 0:08:28]} 15. Ra3 {[%emt 0:31:49]} Bxc4 {[%emt 0:04:19]} 16. Qxc4 {[%emt 0:01:11]} Qe7 {[%emt 0:00:12]} 17. f3 {[%emt 0:08:51]} d5 {[%emt 0:04:00]} 18. exd5 {[%emt 0:02:55]} cxd5 {[%emt 0:00:09]} 19. Qd3 {[%emt 0:04:16]} Qb4 {[%emt 0:05:22]} 20. Be3 {[%emt 0:15:23]} Rac8 {[%emt 0:04:04]} 21. c3 {[%emt 0:01:30]} Qxb2 {[%emt 0:02:51]} 22. Bc1 {[%emt 0:02:02]} Qb6+ {[%emt 0:06:01]} 23. Kf1 {[%emt 0:01:35]} h6 {[%emt 0:04:04]} 24. Bf4 {[%emt 0:03:49]} Qc6 {[%emt 0:13:28]} 25. Bg3 {[%emt 0:07:49]} Bxc3 {[%emt 0:03:11]} 26. Qxd5 {[%emt 0:00:54]} Rcd8 {[%emt 0:01:11]} 27. Qxd8 {[%emt 0:00:36]} Rxd8 {[%emt 0:00:55]} 28. Rxd8+ {[%emt 0:00:01]} Kh7 {[%emt 0:00:17]} 29. Rd3 {[%emt 0:00:24]} Bb4 {[%emt 0:01:22]} 30. Ra1 {[%emt 0:01:03]} Qc4 {[%emt 0:01:23]} 31. Rad1 {[%emt 0:01:22]} Bc5 {[%emt 0:01:17]} 32. Be1 {[%emt 0:00:55]} Qxa4 {[%emt 0:01:42]} 33. g3 {[%emt 0:00:36]} b6 {[%emt 0:00:42]} 34. Rd7 {[%emt 0:00:24]} Qc4+ {[%emt 0:00:52]} 35. R1d3 {[%emt 0:00:35]} a4 {[%emt 0:01:11]} 36. Kg2 {[%emt 0:00:22]} a3 {[%emt 0:02:21]} 37. Bc3 {[%emt 0:00:19]} a2 {[%emt 0:04:47]} 38. Ba1 {[%emt 0:00:09]} b5 {[%emt 0:02:45]} 39. h4 {[%emt 0:01:18]} b4 {[%emt 0:00:29]} 40. Kh3 {[%emt 0:00:52]} b3 {[%emt 0:01:29]} 41. Be5 {[%emt 0:00:41]} Qe6+ {[%emt 0:00:25]} 0-1